ระบบห้องสมุดอัตโนมัติ ULibM
วิทยาลัยพยาบาลบรมราชชนนี พระพุทธบาท
เปลี่ยนเป็นภาษาไทย

Change to English
 แสดงรายละเอียดบรรณานุกรม
  กลับหน้าหลัก

Brief Record : Get Marc (ISO 2709) : E-mail record : QR code ปิดหน้าต่าง
E-books : เกี่ยวกับ Collections
LEADER 00000nam 2200000uu 4500
001    13399126363
003     ULIBM
008    180613s1990 th a 000 0 eng d
020    0914168819
100    Frank H. Netter
245    Grant's atlas of anatomy
250    2nd ed
260    New Jersey :^bNovartis,^c1990
300    300 pages
999    ^aน.ส.เรวดี วงษ์สุวรรณ์
รายการนี้ยังไม่มีแท็ก
คุณยังไม่ได้ล็อกอิน คุณสามารถมีกิจกรรมร่วมกับเว็บไซต์ได้ แต่ต้องล็อกอินก่อน ::
  ล็อกอิน
ลำดับที่ ประเภท เลขเรียก สถานที่ สถานะ
1.
QS17 N474g 1990  
  
ห้องสมุดหนังสือเกิน 10 ปี
►ห้องสมุดหนังสือเกิน 10 ปี
On Shelf
  ขอยืม
   [แสดง 1/1 รายการ]

รายการใกล้เคียง
    ชื่อเรื่อง [Grant's atlas of anatomy]

    ผู้แต่ง [Frank H. Netter]

Bib 13399126363